Znalostný manažment ako nástroj na zlepšovanie procesov diplomová práca

Enregistré dans:
Détails bibliographiques
Auteur principal: Kohutovičová, Andrea
Collectivité auteur: Fakulta podnikového manažmentu EU. Katedra manažmentu výroby a logistiky - zrušená
Autres auteurs: Džubáková, Martina
Format: Livre
Langue:slovaque
Publié: Bratislava 2018
Tags: Ajouter un tag
Pas de tags, Soyez le premier à ajouter un tag!

MARC

LEADER 00000nbm a2200000 4500
001 0244670
005 20181009130241.6
041 0 |a slo 
044 |a SK 
245 1 0 |a Znalostný manažment ako nástroj na zlepšovanie procesov  |b diplomová práca  |c Andrea Kohutovičová ; školiteľ: Martina Džubáková 
264 1 |a Bratislava  |c 2018 
300 |a 81 s. 
100 1 |a Kohutovičová, Andrea 
700 1 |a Džubáková, Martina 
710 2 |a Fakulta podnikového manažmentu EU. Katedra manažmentu výroby a logistiky - zrušená